000 00744cam a2200205 a 4500
001 000022195
005 20200930011626.0
008 711201s1970 ag 000 1 spa d
040 _aDO-SdBNP
_bspa
_cLC
_dBNPHU
050 0 0 _aPZ1.H375
_bFo
_aPR9276
082 _ann*
_bnn*
100 1 _aLighthall, Frederick F.
_945916
245 1 3 _aLa ansiedad en relación con el pensamiento y el olvido /
_cFrederick F. Lighthall ; traducción Aníbal C. Leal.
260 _aBuenos Aires :
_bCentro Regional de Ayuda Técnica ;
_bAgencia para el Desarrollo Internacional,
_c1970.
300 _a43 p. ;
_c20 cm.
490 1 _aLibreria del Colegio
_v30
700 1 _aLeal, Aníbal C.,
_etr.
_945906
830 0 _aLibreria del Colegio
_v30
_945917
049 _aBNGR
999 _c21693
_d21693